000 01030nas a2200337 4500
001 BR0200671
003 BR-BrBNA
005 20231205102751.0
007 ta
008 230509b bl.|||p| |||| 00| 00por d
040 _aBR-BrBNA
_bpor
_cBiblioteca Nacional de Agricultura
041 _a(En)
072 _aL10
100 1 _aFonseca, J.F.
100 1 _aTorres, C.A.A.
100 1 _aRovay, H.
100 1 _aBorges, A.M.
100 1 _aBarbosa, L.P.
100 1 _aMaffili, V.V.
100 1 _aFraga, D.B.M.
111 1 _a14. Congresso Brasileiro de Reprodução Animal
_cBelo Horizonte, MG (Brazil)
_d1-5 Aug 2001
245 1 _aHypoosmotic swelling test in goat spermatozoa
650 _aCAPRINO
650 _aSÊMEN
650 _aCONGELAMENTO
650 _aMEMBRANA
650 _aMELHORAMENTO GENÉTICO ANIMAL
773 0 _tRevista Brasileira de Reprodução Animal (Brazil)
_xISSN 0102-0803
_g(Jul-Sep 2001), v. 25(3) p. 436-438
_wBR0200671
909 _a202311
_bLúcia
_c55
_dLúcia Elande
942 _2AGRIS
_n0
_cANA
999 _c169229
_d169229